Organos de Santiago
Furkejuvvon:
| Váldodahkki: | |
|---|---|
| Materiálatiipa: | Girji |
| Giella: | espánnjágiella |
| Almmustuhtton: |
Santiago
Consejo Nacional del Libro y la Lectura
1998
|
| Fáttát: | |
| Fáddágilkorat: |
Lasit fáddágilkoriid
Eai fáddágilkorat, Lasit vuosttaš fáddágilkora!
|
MARC
| LEADER | 00000nam a2200000 a 4500 | ||
|---|---|---|---|
| 001 | UCQ2975 | ||
| 003 | CL-VaPUC | ||
| 008 | 980817e19980000CL |||||||||||||||||spa|d | ||
| 082 | 0 | 4 | |a 786.5 |b CAS |2 21 |
| 100 | 0 | |a Castillo Didier, Miguel |e author |9 417016 | |
| 245 | 1 | 0 | |a Organos de Santiago |
| 300 | |a 214 p | ||
| 942 | |c BK | ||
| 945 | |d 19980817 00:00:00 |a aarredon | ||
| 260 | |a Santiago |b Consejo Nacional del Libro y la Lectura |c 1998 | ||
| 650 | 0 | |a Instrumentos musicales |9 306600 | |
| 650 | 0 | |a Música |9 306269 | |
| 650 | 7 | |a ORGANO |2 CL-VaPUC |9 358601 | |
| 650 | 0 | |a Historia |9 255047 | |
| 651 | 0 | |a Santiago |9 265444 | |
| 651 | 7 | |a CHILE |2 CL-VaPUC |9 417017 | |
| 583 | |a last modification |c 19980817 00:00:00 |k Rodrigo Vera | ||
| 999 | |c 273665 |d 273663 | ||
| 952 | |0 0 |1 0 |4 0 |6 786_500000000000000_CAS_1998 |7 0 |8 X |9 309459 |a FDOMLP |b FDOMLP |d 2019-11-20 |i 3449475 |o 786.5 CAS 1998 |p 3449475 |r 2019-11-20 |w 2019-11-20 |y BK_X |k BU2 | ||